ბათუმის შოთა რუსთაველის სახელმწიფო უნივერსიტეტის ბიბლიოთეკა

Определитель растений Аджарии. т. II. (ბიბ.ჩანაწერი № 35630)

000 -LEADER
fixed length control field 00678nam a2200229Ia 4500
001 - CONTROL NUMBER
control field 1500
003 - CONTROL NUMBER IDENTIFIER
control field GE_BSU
008 - FIXED-LENGTH DATA ELEMENTS--GENERAL INFORMATION
fixed length control field 181216s||||||||xx |||||||||||||| ||und||
040 ## - CATALOGING SOURCE
Transcribing agency GE_BSU
080 ## - UNIVERSAL DECIMAL CLASSIFICATION NUMBER
Universal Decimal Classification number 581(479.223)
100 ## - MAIN ENTRY--PERSONAL NAME
Personal name Дмитриева А.А.
245 ## - TITLE STATEMENT
Title Определитель растений Аджарии. т. II.
245 ## - TITLE STATEMENT
Remainder of title Батумский ботанический сад.
250 ## - EDITION STATEMENT
Edition statement 2-Е перер. и доп. изд.
260 ## - PUBLICATION, DISTRIBUTION, ETC.
Place of publication, distribution, etc. Тбилиси
260 ## - PUBLICATION, DISTRIBUTION, ETC.
Name of publisher, distributor, etc. Мецниереба
260 ## - PUBLICATION, DISTRIBUTION, ETC.
Date of publication, distribution, etc. 1990
300 ## - PHYSICAL DESCRIPTION
Extent 278 с. 21 см.
653 ## - INDEX TERM--UNCONTROLLED
Uncontrolled term Определитель растений Аджарии.
942 ## - ADDED ENTRY ELEMENTS (KOHA)
Koha item type წიგნი
ეგზემპლარები
Withdrawn status Lost status Damaged status Not for loan Date acquired Barcode Date last seen Price effective from Koha item type
        2018-12-17 2862 2018-12-17 2018-12-17 წიგნი